000
00254nam a2200097Ia 4500
001
683692
005
20250826161443.0
008
250824s9999 xx 000 0 und d
245
0
_a
HER ŞEY YAĞMURLA BAŞLADI
_c
FAİK ÖZDENGÜL
260
_b
KARATAY YAYINLARI
999
_c
683692
_d
683692